| 000 | 00533nam a2200157 a 4500 | ||
|---|---|---|---|
| 001 | 000030280 | ||
| 005 | 20200930060208.0 | ||
| 008 | 110126s1957 dr 000 | spa d | ||
| 040 |
_aDO-SdBNP _bspa _cBNPHU |
||
| 082 |
_axxx _bR426v |
||
| 110 | 1 |
_aRepública Dominicana. _bBanco de crédito agricola e industrial de la República Dominicana _956958 |
|
| 245 | 1 | 0 | _aVentajas de las inversiones en cedulas hipotecarias. |
| 260 |
_aCiudad Trujillo, República Dominicana : _b[s.n.], _c1957. |
||
| 300 |
_a19 p. ; _c23 cm. |
||
| 049 | _aBNPD | ||
| 999 |
_c29772 _d29772 |
||